Forever triumphant: (Record no. 12647)

000 -LEADER
fixed length control field 00606nam a2200181 a 4500
001 - CONTROL NUMBER
control field :::00010456$&:&@@
003 - CONTROL NUMBER IDENTIFIER
control field OkBaRHE
005 - DATE AND TIME OF LATEST TRANSACTION
control field 20000607103359.0
008 - FIXED-LENGTH DATA ELEMENTS--GENERAL INFORMATION
fixed length control field s1955 j 000 0 eng u
040 ## - CATALOGING SOURCE
Transcribing agency
100 1# - MAIN ENTRY--PERSONAL NAME
Personal name Huegel, Frederick Julius, 1889-
245 10 - TITLE STATEMENT
Title Forever triumphant:
Remainder of title the secret of victory in the christian life.
260 ## - PUBLICATION, DISTRIBUTION, ETC. (IMPRINT)
Place of publication, distribution, etc Grand Rapids, MI., :
Name of publisher, distributor, etc Zondervan Publishing House
Date of publication, distribution, etc c1955
300 ## - PHYSICAL DESCRIPTION
Extent 86 p. ;
Dimensions : 19 cm.
650 ## - SUBJECT ADDED ENTRY--TOPICAL TERM
Topical term or geographic name as entry element Christian Life
942 ## - ADDED ENTRY ELEMENTS (KOHA)
Source of classification or shelving scheme
Koha item type Books
Copies
Full call number Barcode Withdrawn status Shelving location Lost status Damaged status Copy number Source of classification or shelving scheme Permanent Location Price effective from Not for loan Date last seen Koha item type Date acquired
BV 4501 .H724410456 General Stacks  1 RHEMA Bible Training College2010-04-14 2010-04-14Books2010-04-14